000 00524nam a22001937a 4500
005 20250908162757.0
008 250908b |||||||| |||| 00| 0 eng d
037 _cTB
040 _aAL
_cAL
041 _2eng
_aeng
084 _qAL
100 _a Goonetilleke, D. C. R. A.
_9820364
245 _aSalman Rushdie
260 _bMacmelle,
_c1998.
300 _a168p.
365 _b1299.00
_c£
942 _2CC
_cTB
_n0
999 _c1435238
_d1435238